NBA Insane Trivia #2 - Statistics

General Stats
  • This quiz has been taken 24 times
  • The average score is 6 of 15
Answer Stats
Question Answer % Correct
Which high school has produced the most NBA players? Oak Hill
72%
What city did Utah Jazz originally play in? New Orleans
67%
What is Ray Allen's first name? Walter
61%
Who had the most career points before Wilt Chamberlain? Bob Petit
56%
How many scoring titles did Michael Jordan win in his career? 10
44%
Who has the single highest game score in the past 20 years? Donovan Mitchell
44%
Which future hall of famer does Steve Nash share a draft spot with? Giannis Antetokounmpo
39%
How many games has Steve Nash had with at least 40 points? 2
33%
Who has the most assists without a turnover in a single game? Chris Paul
33%
Which player has never made an All-NBA First Team? Rajon Rondo
33%
How many assists was it? 20
28%
What is the most rebounds Bill Russell ever got in a game? 51
28%
Among these 4 players, who had the highest ppg average? George Gervin
28%
Which of these players didn't play in college Moses Malone
28%
Who is the first non-white player to play in an NBA game? Wat Misaka
22%
No matching quizzes found
Score Distribution
Percent of People with Each Score
Percentile by Number Answered
Your Score History
You have not taken this quiz